| 000 | 00523nam a2200169 4500 | ||
|---|---|---|---|
| 001 | 131166 | ||
| 003 | ES-MaACL | ||
| 005 | 20230906193928.0 | ||
| 007 | t| | ||
| 008 | 070214s1966 sp r ||||1| spa d | ||
| 100 | 1 |
_aRobin, Gilbert. _997870 |
|
| 245 | 1 | 3 |
_aEl enigma sexual de Enrique III / _cGilbert Robin ; [traducción... Antonio Valiente]. |
| 260 |
_aBarcelona : _b[s. n.], _c1966 ( _fGráf. Ampurias) |
||
| 300 |
_a238 p. ; _c18 cm. |
||
| 700 | 1 |
_aValiente, Antonio. _9112692 |
|
| 852 |
_aES-MaACL _jC-29666 _bR.60036 |
||
| 999 |
_c131166 _d131166 |
||